Mariposa : (Record no. 203113)

MARC details
000 -LEADER
fixed length control field 00807nam a2200253 i 4500
003 - CONTROL NUMBER IDENTIFIER
control field OSt
005 - DATE AND TIME OF LATEST TRANSACTION
control field 20260216165008.0
008 - FIXED-LENGTH DATA ELEMENTS--GENERAL INFORMATION
fixed length control field 260215s2025 my gr 000 f may d
020 ## - INTERNATIONAL STANDARD BOOK NUMBER
International Standard Book Number 9789670082417
Qualifying information paperback
Terms of availability RM 45.00
040 ## - CATALOGING SOURCE
Original cataloging agency PPAK
Language of cataloging eng
Transcribing agency PPAK
Description conventions rda
082 04 - DEWEY DECIMAL CLASSIFICATION NUMBER
Classification number 899.2333
Edition number 23
090 00 - LOCALLY ASSIGNED LC-TYPE CALL NUMBER (OCLC); LOCAL CALL NUMBER (RLIN)
Classification number (OCLC) (R) ; Classification number, CALL (RLIN) (NR) 899.2333
Feature heading LUV
Feature heading G
100 0# - MAIN ENTRY--PERSONAL NAME
Personal name Luvleytien,
Relator term author.
245 10 - TITLE STATEMENT
Title Mariposa :
Remainder of title MILIK MIKHAEL.
Number of part/section of a work VOL. 2 /
Statement of responsibility, etc. LUVLEYTIEN ; Editor : Team Editorial AHA
264 #1 - PRODUCTION, PUBLICATION, DISTRIBUTION, MANUFACTURE, AND COPYRIGHT NOTICE
Place of production, publication, distribution, manufacture PUNCAK ALAM, SELANGOR :
Name of producer, publisher, distributor, manufacturer AHA PUBLICATION,
Date of production, publication, distribution, manufacture, or copyright notice 2025
300 ## - PHYSICAL DESCRIPTION
Extent 792 pages ;
Dimensions 20 cm
336 ## - CONTENT TYPE
Content type term text
Source rdacontent
337 ## - MEDIA TYPE
Media type term unmediated
Source rdamedia
338 ## - CARRIER TYPE
Carrier type term volume
Source rdacarrier
650 10 - SUBJECT ADDED ENTRY--TOPICAL TERM
Topical term or geographic name entry element Malay fiction
Topical term or geographic name entry element Malaysian fiction (Malay)
710 2# - ADDED ENTRY--CORPORATE NAME
Corporate name or jurisdiction name as entry element Team Editorial AHA,
Relator term editor.
942 ## - ADDED ENTRY ELEMENTS (KOHA)
Source of classification or shelving scheme Dewey Decimal Classification
Koha item type Book
Holdings
Withdrawn Not for loan Current library Shelving location Date acquired Total Checkouts Full call number Barcode Date last seen Koha item type Checked out Date last checked out
    Perpustakaan Alor Setar Pinjaman Dewasa 23/02/2026   899.2333 LUV A01901608 23/02/2026 Book    
    Perpustakaan Awam Sungai Petani Pinjaman Dewasa 23/02/2026 1 899.2333 LUV A01901609 20/04/2026 Book 11/05/2026 20/04/2026
    Perpustakaan Baling Pinjaman Dewasa 23/02/2026   899.2333 LUV A01901613 23/02/2026 Book    
    Perpustakaan Bandar Baharu Pinjaman Dewasa 23/02/2026   899.2333 LUV A01901614 23/02/2026 Book    
    Perpustakaan Jitra Pinjaman Dewasa 23/02/2026   899.2333 LUV A01901610 23/02/2026 Book    
    Perpustakaan Kuala Nerang Pinjaman Dewasa 23/02/2026   899.2333 LUV A01901618 23/02/2026 Book    
    Perpustakaan Kulim Pinjaman Dewasa 23/02/2026   899.2333 LUV A01901612 23/02/2026 Book    
    Perpustakaan Langkawi Pinjaman Dewasa 23/02/2026   899.2333 LUV A01901611 23/02/2026 Book    
    Perpustakaan Merbok Pinjaman Dewasa 23/02/2026   899.2333 LUV A01901615 23/02/2026 Book    
    Perpustakaan Pendang Pinjaman Dewasa 23/02/2026   899.2333 LUV A01901619 23/02/2026 Book    
    Perpustakaan Sik Pinjaman Dewasa 23/02/2026   899.2333 LUV A01901617 23/02/2026 Book    
    Perpustakaan Yan Pinjaman Dewasa 23/02/2026 1 899.2333 LUV A01901616 27/04/2026 Book 18/05/2026 27/04/2026